Manažment efektivity vydávania digitálnych kníh

Budúcnosť tlače v podobe, v akej ju poznáme dnes, je evidentne na ústupe. Predpoklad vývoja predajnosti e-kníh v r okoch 2008–2017 na americkom trhu. Digitálne knihy, digitálne čítačky, digitálny predaj. Charakteristiky anglosaského, nemeckého a slovenského knižného trhu. Slovenskí vydavatelia, tržb...

Celý popis

Uložené v:
Podrobná bibliografia
Hlavný autor: Šíp, Roman
Médium: Kapitola
Jazyk:Slovak
Predmet:
Tagy: Pridať tag
Žiadne tagy, Buďte prvý, kto otaguje tento záznam!

MARC

LEADER 00000nla a2200000 4500
001 0213698
005 20240502073552.1
041 0 |a slo 
044 |a SK 
245 1 0 |a Manažment efektivity vydávania digitálnych kníh  |c Roman Šíp 
520 |a Budúcnosť tlače v podobe, v akej ju poznáme dnes, je evidentne na ústupe. Predpoklad vývoja predajnosti e-kníh v r okoch 2008–2017 na americkom trhu. Digitálne knihy, digitálne čítačky, digitálny predaj. Charakteristiky anglosaského, nemeckého a slovenského knižného trhu. Slovenskí vydavatelia, tržby knižných veľkoobchodov. Digitálna kniha na Slovensku. 
610 2 0 |a knihy 
610 2 0 |a digitalizácia 
610 2 0 |a knihy elektronické 
610 2 0 |a tlačiarne 
610 2 0 |a vydavateľstvá 
610 2 0 |a svet 
610 2 0 |a Slovensko 
100 1 |a Šíp, Roman